000 00445nam a2200181Ia 4500
001 3857
005 20260306145714.0
008 260306t2009||||xx |||||||||||||| ||spa||
041 _aESP
082 _a303.685
_bA57 T. 2
100 _aSuárez, Dina Li
_eAUT
245 0 _aAyacucho:
_banálisis de situación en población
260 _c2009
300 _a99 páginas :
_c21 cm.
650 _aGEN
654 _aCHU
942 _cLIB
_dJUS
_fJUS
_2ddc
_n
999 _c3857
_d3857